Tìm hiểu Hội quán người Hoa trên địa bàn thành phố Đà Nẵng

Người Hoa ở Đà Nẵng. Hội quán người Hoa tại Đà Nẵng. Hội quán người Hoa tại Đà Nẵng – Vấn đề tiếp biến và bảo tồn văn hóa

Đã lưu trong:
Chi tiết về thư mục
Tác giả chính: Tăng Thị Tươi
Tác giả khác: Nguyễn Hoàng Thân (Hướng dẫn)
Định dạng: Sách
Ngôn ngữ:Vietnamese
Được phát hành: Đà Nẵng Đại học Sư phạm, Đại học Đà Nẵng 2013
Những chủ đề:
Các nhãn: Thêm thẻ
Không có thẻ, Là người đầu tiên thẻ bản ghi này!
Thư viện lưu trữ: Mạng thư viện Đại học Đà Nẵng
LEADER 01643nam a2200361 4500
001 000019040
003 15475
005 20140313160306.0
008 140303s2013 viesd
041 |a vie 
072 |a VHH 
082 1 4 |a 305.89510597  |b TĂ-T 
100 1 |a Tăng Thị Tươi 
245 1 0 |a Tìm hiểu Hội quán người Hoa trên địa bàn thành phố Đà Nẵng  |c Tăng Thị Tươi ; Nguyễn Hoàng Thân hướng dẫn  |k Khóa luận tốt nghiệp 
260 |a Đà Nẵng  |b Đại học Sư phạm, Đại học Đà Nẵng  |c 2013 
300 |a 84 tr., phụ lục 5 tr.  |b Hình mh.  |c 29 cm. 
500 |a Khóa luận tốt nghiệp đại học. Chuyên ngành: Cử nhân Văn hóa học 
520 |a Người Hoa ở Đà Nẵng. Hội quán người Hoa tại Đà Nẵng. Hội quán người Hoa tại Đà Nẵng – Vấn đề tiếp biến và bảo tồn văn hóa 
650 0 4 |a Người Hoa  |v Khóa luận tốt nghiệp  |x Hội quán  |z Việt Nam (Đà Nẵng) 
653 |a Hội quán người Hoa 
653 |a Khoa Ngữ văn 
653 |a Đà Nẵng 
700 1 |a Nguyễn Hoàng Thân  |e Hướng dẫn 
OWN |a LSP 
AVA |a UDN50  |b LSP  |d 305.89510597 TĂ-T  |e available  |t Error 5001 Not defined in file expand_doc_bib_avail.  |f 1  |g 0  |h N  |i 0  |k 1 
999 |a From the UDN01 
AVA |a UDN50  |b LSP  |d 305.89510597 TĂ-T  |e available  |t Error 5001 Not defined in file expand_doc_bib_avail.  |f 1  |g 0  |h N  |i 0  |k 1 
TYP |a Monograph 
TYP |a Printed language 
980 |a Mạng thư viện Đại học Đà Nẵng